000 01057cam a2200157ua 4500
041 _aeng
_h
082 _a532.572
_bIND/RE
110 1 _aIndian standards institution .
_bISI
_c()
245 _aRecommendation for liquid flow measurement in open channels by weirs and flumes End depth method for estimation of flow in rectangular channels with a free overfall /
_cIndian standards institution.
_hTextual Documents
250 _a1 /
_b.
260 _aNew Delhi :
_bIndian standards institution ,
_c1982.
300 _a10 ; .
504 _a
942 _cBK
999 _c10932
_d10932